Oxford companion to american literature (Record no. 10592)
[ view plain ]
| 000 -LEADER | |
|---|---|
| fixed length control field | 00503cam a2200193ua 4500 |
| 001 - CONTROL NUMBER | |
| control field | 11809 |
| 005 - DATE AND TIME OF LATEST TRANSACTION | |
| control field | 20260515114813.0 |
| 008 - FIXED-LENGTH DATA ELEMENTS--GENERAL INFORMATION | |
| fixed length control field | 191109n xxk |||gr||||Z||||||eng |
| 020 ## - INTERNATIONAL STANDARD BOOK NUMBER | |
| International Standard Book Number | 9780190938239 |
| 040 ## - CATALOGING SOURCE | |
| Transcribing agency | MAIN |
| 041 ## - LANGUAGE CODE | |
| Language code of text/sound track or separate title | eng |
| 082 ## - DEWEY DECIMAL CLASSIFICATION NUMBER | |
| Classification number | 810 |
| 100 ## - MAIN ENTRY--PERSONAL NAME | |
| Personal name | James D Hart, |
| Relator term | Author. |
| 245 ## - TITLE STATEMENT | |
| Title | Oxford companion to american literature |
| Statement of responsibility, etc. | By James D Hart |
| 260 ## - PUBLICATION, DISTRIBUTION, ETC. | |
| Place of publication, distribution, etc. | New York: |
| Name of publisher, distributor, etc. | Oxford university press, |
| Date of publication, distribution, etc. | 2018. |
| 300 ## - PHYSICAL DESCRIPTION | |
| Extent | 779p. |
| 653 ## - INDEX TERM--UNCONTROLLED | |
| Uncontrolled term | American literature in English |
| 942 ## - ADDED ENTRY ELEMENTS (KOHA) | |
| Koha item type | Books |
| Withdrawn status | Lost status | Damaged status | Not for loan | Home library | Current library | Shelving location | Date acquired | Total checkouts | Full call number | Barcode | Date last seen | Copy number | Price effective from | Koha item type |
|---|---|---|---|---|---|---|---|---|---|---|---|---|---|---|
| Naharkatiya College Library | Naharkatiya College Library | General stacks | 09/19/2020 | 810American literature | HAR | 27674 | 09/19/2020 | 1 | 09/19/2020 | Books | |||||
| Naharkatiya College Library | Naharkatiya College Library | General stacks | 09/19/2020 | 810American literature | HAR | 27675 | 09/19/2020 | 2 | 09/19/2020 | Books |